| 000 | 00466cam a22001695a 4500 | ||
|---|---|---|---|
| 001 | L138449 | ||
| 008 | 070606s2006 xxk f 000 0 eng d | ||
| 020 | _a0715635611 | ||
| 035 | _a(Sirsi) u138449 | ||
| 041 | 0 | _aeng | |
| 245 | 0 | 4 | _aThe singularity is near |
| 260 |
_aGerald Duckworth & Co Ltd _c2006 |
||
| 350 | _a9.74 | ||
| 520 | _aThis title is not held in the RICS library. It has been given to the President. | ||
| 651 | 4 | _aENGLAND AND WALES | |
| 942 | _n0 | ||
| 999 |
_c107171 _d107171 |
||